000 00554nam a2200193 a 4500
001 1777027203562
003 YourLibrary
005 20260424161208.0
008 260424s2010##################000#0#eng##
020 _a9780199730216
082 0 4 _a344.7304232ORE
100 1 _aO'Reilly, James T.,
_eauthor.
245 1 0 _aA Consumer's Guide to Food Regulation & Safety :
260 _bOxford University Press, USA,
_c2010.
300 _a272 pages
650 0 _aLanguage Arts & Disciplines.
942 _cENGLISH
040 _aYourLibrary
_beng
_cYourLibrary
999 _c619861
_d619861